RICS construction market survey (Record no. 113270)
[ view plain ]
| 000 -LEADER | |
|---|---|
| fixed length control field | 01263cad a22002175a 4500 |
| 001 - CONTROL NUMBER | |
| control field | L154985 |
| 008 - FIXED-LENGTH DATA ELEMENTS--GENERAL INFORMATION | |
| fixed length control field | 120214s2012 xxk 000 0 eng d |
| 035 ## - SYSTEM CONTROL NUMBER | |
| System control number | (Sirsi) u154985 |
| 041 0# - LANGUAGE CODE | |
| Language code of text/sound track or separate title | eng |
| 050 ## - LIBRARY OF CONGRESS CALL NUMBER | |
| Classification number | 338.47624 $2 18 |
| 110 2# - MAIN ENTRY--CORPORATE NAME | |
| Corporate name or jurisdiction name as entry element | Royal Institution of Chartered Surveyors |
| Subordinate unit | Economics |
| 9 (RLIN) | 5033 |
| 245 00 - TITLE STATEMENT | |
| Title | RICS construction market survey |
| Remainder of title | United Kingdom, fourth quarter 2011 |
| Medium | [electronic resource] |
| 260 ## - PUBLICATION, DISTRIBUTION, ETC. | |
| Place of publication, distribution, etc. | London |
| Name of publisher, distributor, etc. | RICS |
| Date of publication, distribution, etc. | 2012 |
| 490 ## - SERIES STATEMENT | |
| Series statement | RICS Construction Market Survey United Kingdom |
| Volume/sequential designation | Fourth Quarter 2011 |
| 520 ## - SUMMARY, ETC. | |
| Summary, etc. | The Q4 2011 RICS Construction Market Survey showed total workloads at the national level fell a little further, with the net balance declining from -1 to -7. Private commercial building remains the only area not recording falling workloads at this point in time, with a net balance of +2. By way of contrast, the public sector continued to record the most severe falls in workloads, with the net balances of public housing and other public works at -17 and -22 respectively. |
| 590 ## - LOCAL NOTE (RLIN) | |
| Local note | KA |
| 651 #4 - SUBJECT ADDED ENTRY--GEOGRAPHIC NAME | |
| Geographic name | United Kingdom |
| Chronological subdivision | |
| 690 ## - LOCAL SUBJECT ADDED ENTRY--TOPICAL TERM (OCLC, RLIN) | |
| Topical term or geographic name as entry element | Construction management |
| 9 (RLIN) | 6230 |
| 856 40 - ELECTRONIC LOCATION AND ACCESS | |
| Uniform Resource Identifier | <a href="https://www.rics.org/site/download_feed.aspx?fileID=11223&fileExtension=PDF">https://www.rics.org/site/download_feed.aspx?fileID=11223&fileExtension=PDF</a> |
| Public note | View the report free of charge at www.rics.org. |
| 942 ## - ADDED ENTRY ELEMENTS (KOHA) | |
| Suppress in OPAC | 0 |
| Withdrawn status | Lost status | Source of classification or shelving scheme | Damaged status | Not for loan | Home library | Current library | Shelving location | Date acquired | Total Checkouts | Full call number | Barcode | Date last seen | Copy number | Price effective from | Koha item type |
|---|---|---|---|---|---|---|---|---|---|---|---|---|---|---|---|
| Dewey Decimal Classification | Virtual | Virtual | Books | 14/02/2012 | ONLINE PUBLICATION | 154985-2001 | 06/08/2019 | 1 | 06/08/2019 | Book |